Регионална библиотека "Любен Каравелов" - Русе

Осигурително право (Запис номер 19249)

MARC детайли
000 -Лидер
Контролно поле с фиксирана дължина 01367nam a2200337 c 4500
003 - Код на организацията, давaща контролен номер
Контролно поле BLK
005 - Дата и час на последна редакция
Контролно поле 20180422095034.0
008 - Елементи от данни с фиксирана дължина
fixed length control field 180413b bul|||||r ||||||| ||bul||
010 ## - Наследен системен номер
LC control number KNG00021356000
020 ## - Международен стандартен номер на книга ISBN
Международен стандартен номер на книга ISBN 954-8555-49-2
-- издат.: Албатрос
040 ## - Източник на каталожния запис
Идентификатор на билиотеката - собственик на записа BLK
041 ## - Код за език
Код за езика на текст/звукозапис или на отделно заглавие Български
Код за езика КДБФ Български
080 ## - УДК
Текстов определител УДК Социално осигуряване. Работническо осигуряване
УДК код - определител по УДК 368.4
УДК определител .000.34(497.2)(075.8)
УДК - код + определител 368.4.000.34(497.2)(075.8)
100 1# - Редна дума - Автор
Автор Йосифов, Никола Костов
Авторска отговорност първи автор
R(LIN) 364845
139 ## - Редно поле
Редна дума Йосифов, Никола Костов
Авторски знак Иос - И 84
245 10 - Сведения за заглавието
Заглавие Осигурително право
Подзаглавни данни Курс лекции за студенти юристи
Редно поле (дума) Никола Костов Йосифов.
257 ## - Страна на издаване
Страна на създаване/издаване България
260 ## - Област на издателските данни
-- София
Име на издателя, разпространителя и проч. Албатрос
Година на издаване 1997
Печатница София : Н. Здравков
300 ## - Физическа характеристика
Страници 216 с.
Размери/Мащаб 20 см
380 ## - Жанр
Жанр Обществени науки
500 ## - Общи забележки
Забележка 500 тир.
650 #4 - Допълнително описание по предмет – тема
Основно описание – тема или топоним Обществено осигуряване - България - правни проблеми
9 (RLIN) 247509
653 ## - Ключова дума – ненормативна
Ключова дума право
653 ## - Ключова дума – ненормативна
Ключова дума осигурително право
653 ## - Ключова дума – ненормативна
Ключова дума обществено осигуряване
852 ## - Местоположение
Форматна сигнатура Цб 194862
856 4# - Електронен адрес и достъп
Електронен формат pdf - файл
Път до файла /url/
856 4# - Електронен адрес и достъп
Електронен формат pdf - файл
Път до файла /url/
942 ## - АРТИКУЛИ
Вид на библиотечния материал Книги
Скрит в OPAC Не
944 ## - СЪЗДАВАНЕ И РЕДАКЦИЯ на ЗАПИСА
Създаване/Редакция Създаване
Дата на регистрацията/редакция 15.01.2003
Служител, извършил регистрацията/редакцията Наталия_Медовщикова
944 ## - СЪЗДАВАНЕ И РЕДАКЦИЯ на ЗАПИСА
Създаване/Редакция Редакция
Дата на регистрацията/редакция 21.01.2013
Служител, извършил регистрацията/редакцията
999 ## - СИСТЕМНИ КОНТРОЛНИ НОМЕРА
Koha biblionumber 19249
Koha biblioitemnumber 19249
Наличности
Код за отписване Код за изгубен артикул Източник на класификационната схема Код за повреда Коз за рестрикции Код за отдаване Артикулен № Име на библиотеката - собственик Име на библиотеката, в която се намира в момента Статус (Текущо местоположение) Дата на вписване в системата Местоположение - отдел Цена в лева Инвентарен номер Систематично азбучна сигнатура Баркод Номер на екземпляра Цена в евро Служебна бележка Служебен тип на артикула
  Не е изгубен Universal Decimal Classification Не е повреден без рестрикции ползва се в читалня 32119 Регионална библиотека "Любен Каравелов" Русе Регионална библиотека "Любен Каравелов" Русе Хранилище 2001-01-01 Основен фонд - ползва се само за читалня 6.50 636886 Цб 194862 120000636886 1 3.32 Дост: Pk Вид: Ф N: стар фонд Дата: 01.01.1997 Дата инв: 02.06.2010 Бележки инв: 2010 Книги
Изтеглен Не е изгубен Universal Decimal Classification Не е повреден без рестрикции заемане за дома 32120 Регионална библиотека "Любен Каравелов" Русе Регионална библиотека "Любен Каравелов" Русе Заемна - подръчен фонд 2001-01-01 Заемна - подръчен фонд 6.50 636887 П 36/И 84 636887 2 3.32 Дост: Pk Вид: Ф N: стар фонд Дата: 01.01.1997 Книги
Vip Innovations Ltd, Rousse, Bulgaria 2025